| 000 | 00855nam a2200241 a 4500 | ||
|---|---|---|---|
| 005 | 20191224041652.0 | ||
| 008 | 140307b1993 ck ||||| |||| 00| 0 spa d | ||
| 040 |
_aCO-BoIAVH _cCO-BoIAVH |
||
| 041 | _aspa | ||
| 044 | _axxu | ||
| 090 |
_aLB _b02666 |
||
| 110 | 2 |
_97309 _aInstituto Colombiano de Normas Técnicas y Certificación _bInstituto Colombiano de Normas Técnicas y Certificación |
|
| 245 | 1 |
_aSistemas de procesamiento de la información. Procedimientos y desarrollo _bguía para la adquisición de sistemas de computación |
|
| 260 |
_aBogotá _bICONTEC _c1993 |
||
| 300 |
_a23 paginas _c29 x 21 cm |
||
| 650 | 4 |
_aProcesamiento de la información _917711 |
|
| 650 | 4 |
_aSistemas _917712 |
|
| 650 | 4 |
_aComputación _913754 |
|
| 650 | 4 |
_aSoftware _950303 |
|
| 650 | 4 |
_aProgramas de computación _93792 |
|
| 662 | _aColombia | ||
| 942 |
_cLIBRO _2z |
||
| 999 |
_c2878 _d2878 |
||